| 000 | 00579nam a2200193Ia 4500 | ||
|---|---|---|---|
| 005 | 20250507130150.0 | ||
| 008 | 008 250505s9999 xx 000 0 eng d | ||
| 037 | _aDIS | ||
| 040 |
_aEASL _beng _cEASL |
||
| 041 |
_aeng _2eng |
||
| 084 |
_a0000158 _qEASL |
||
| 100 | _aHema | ||
| 245 | 0 | _aContrastive study of honorific expressions in Korean and Hindi Dr. Ravni Thakur | |
| 260 |
_aIndia _bUnivesity of Delhi. Social Sciences. East Asian Studies (Delhi India) _c2012 |
||
| 300 | _a85p. | ||
| 650 | _aKEL | ||
| 942 |
_cDIS _h0000158 |
||
| 999 |
_c1318046 _d1318046 |
||